Jim’s 1000 listening comprehension practice test items for the new toeic test

Saved in:
Bibliographic Details
Format: Book
Published: 2008
Tags: Add Tag
No Tags, Be the first to tag this record!
Institutions: Mạng thư viện Đại học Đà Nẵng
LEADER 00506nam a22001811a 4500
001 000038370
003 14665
005 20160412021303.0
008 160412s2008 000
082 |a 4A(07)2426-30 
245 |a Jim’s 1000 listening comprehension practice test items for the new toeic test  |c Nguyễn Thị Thanh Hương 
260 |c 2008 
OWN |a LNN 
999 |a From the UDN01 
TYP |a Monograph 
980 |a Mạng thư viện Đại học Đà Nẵng